<?xml version="1.0" encoding="UTF-8"?>
<record
    xmlns:xsi="http://www.w3.org/2001/XMLSchema-instance"
    xsi:schemaLocation="http://www.loc.gov/MARC21/slim http://www.loc.gov/standards/marcxml/schema/MARC21slim.xsd"
    xmlns="http://www.loc.gov/MARC21/slim">

  <leader>00292nam a22001217a 4500</leader>
  <datafield tag="040" ind1=" " ind2=" ">
    <subfield code="c">SY</subfield>
  </datafield>
  <datafield tag="082" ind1=" " ind2=" ">
    <subfield code="a">634</subfield>
  </datafield>
  <datafield tag="100" ind1=" " ind2=" ">
    <subfield code="a">BUNNA BOONNACHONNABOT</subfield>
  </datafield>
  <datafield tag="245" ind1=" " ind2=" ">
    <subfield code="a">Pruning mango tree, &#x1780;&#x17B6;&#x179A;&#x178F;&#x17B6;&#x1780;&#x17CB;&#x178F;&#x17C2;&#x1784;&#x1798;&#x17C2;&#x1780;&#x179F;&#x17D2;&#x179C;&#x17B6;&#x1799;</subfield>
  </datafield>
  <datafield tag="260" ind1=" " ind2=" ">
    <subfield code="a">RUA</subfield>
    <subfield code="b">BUN</subfield>
    <subfield code="c">1997</subfield>
  </datafield>
  <datafield tag="300" ind1=" " ind2=" ">
    <subfield code="a">52p.</subfield>
  </datafield>
  <datafield tag="942" ind1=" " ind2=" ">
    <subfield code="c">KB</subfield>
  </datafield>
  <datafield tag="999" ind1=" " ind2=" ">
    <subfield code="c">9904</subfield>
    <subfield code="d">9904</subfield>
  </datafield>
  <datafield tag="952" ind1=" " ind2=" ">
    <subfield code="0">0</subfield>
    <subfield code="1">0</subfield>
    <subfield code="4">0</subfield>
    <subfield code="6">634_000000000000000_BUN_1997_C241</subfield>
    <subfield code="7">0</subfield>
    <subfield code="9">52113</subfield>
    <subfield code="a">LBC</subfield>
    <subfield code="b">LBC</subfield>
    <subfield code="c">C241</subfield>
    <subfield code="d">2016-09-15</subfield>
    <subfield code="l">1</subfield>
    <subfield code="o">634 BUN  1997 C241</subfield>
    <subfield code="p">A02209</subfield>
    <subfield code="r">2017-01-16</subfield>
    <subfield code="s">2017-01-16</subfield>
    <subfield code="y">KB</subfield>
  </datafield>
</record>
